00373nam a2200157Ia 45000010006000000050017000060080041000230410008000640820015000721000026000872450042001132600009001553000035001646500008001996540008002071337820260306164757.0260306t2010||||xx |||||||||||||| ||spa|| aESP a003.3bD23 aDankowicz, HarryeAUT 0aMultibody mechanics and visualization c2010 axviii, 504 páginas :c24 cm. aGEN aCCC